000 00861nas a2200289 4500
001 BR0000847
003 BR-BrBNA
005 20231205101745.0
007 ta
008 230509b bl.|||p| |||| 00| 00por d
040 _aBR-BrBNA
_bpor
_cBiblioteca Nacional de Agricultura
041 _a(Pt)
072 _aL53
100 1 _aSantos Filho, A.S.
100 1 _aOliveira, M.A.L.
100 1 _aCaldas, J.G.
100 1 _aLima, P.F.
100 1 _aAlmeida, R.R.
245 1 _aResposta superovulatoria de vacas Holandesas em regiao tropical
650 _aGado Holandes
650 _aSuperovulacao
650 _aEmbriao Animal
650 _aGonadotropina
773 0 _tRevista Brasileira de Reproducao Animal (Brazil)
_xISSN 0102-0803
_g(Jul-Sep 1999), v. 23(3) p. 323-324
_wBR0000847
909 _a202311
_bLúcia
_c55
_dLúcia Elande
942 _2AGRIS
_n0
_cANA
999 _c163694
_d163694